Zamestnanosť v SR v kontexte globálnej hospodárskej krízy

Saved in:
Bibliographic Details
Main Author: Rievajová, Eva
Other Authors: Husáková, Mária
Format: Book Chapter
Language:English
Tags: Add Tag
No Tags, Be the first to tag this record!

MARC

LEADER 00000naa$a2200000$$$4500
001 0103410
005 20240502083246.9
041 0 |a eng 
044 |a CZ 
245 1 0 |a Zamestnanosť v SR v kontexte globálnej hospodárskej krízy  |c Eva Rievajová, Mária Husáková 
500 |a Abstrakt 
100 1 |a Rievajová, Eva 
700 1 |a Husáková, Mária